Państwa Europy graniczące z państwami śródlądowymi (z mapą) - Statystyki

Ogólne statystyki
  • Ten quiz został rozwiązany 52 razy
    41 od ostatniego zresetowania
  • Średni wynik to 17 z 18
Odpowiedzi na mapie
Odpowiedzi zakodowano w zielono-czerwonej skali na mapie do tego quizu, zgodnie z poniższymi procentami.
 
Statystyki odpowiedzi
Odpowiedź % Poprawnych
Litwa
100%
Łotwa
100%
Polska
100%
Niemcy
97%
Rosja
97%
Belgia
95%
Chorwacja
95%
Francja
95%
Grecja
95%
Rumunia
95%
Ukraina
95%
Włochy
95%
Albania
92%
Bułgaria
92%
Hiszpania
92%
Bośnia i Hercegowina
89%
Czarnogóra
89%
Słowenia
89%
Nie znaleziono quizów pasujących do podanych kryteriów
Rozkład punktacji
Procent ludzi z każdym wynikiem
Percentyl według liczby udzielonych odpowiedzi
Twoja historia wyników
Nie rozwiązałeś tego quizu od ostatniego zresetowania